000 00566nam a22001817a 4500
005 20241205080632.0
008 241205b |||||||| |||| 00| 0 eng d
020 _a9781485134886
041 _aEnglish
082 _a346.43 PIE
100 _lEnglish
245 _aSectional Titles and other fragmented property schemes /
_cGJ Pienaar and JG Horn
250 _aSecond Edition
260 _aCape Town:
_bJuta and Company (Pty) Ltd,
_c2020
300 _bxii, 664 pages ;
_c26 cm.
650 _aLegal practice
_bLaw
942 _cBK
_6ALISON_BN_VRIES
999 _c3271
_d3271